Modem nation : (Record no. 18525)

000 -LEADER
fixed length control field 00721cam a2200229 a 4500
020 ## - INTERNATIONAL STANDARD BOOK NUMBER
ISBN 0812927931 (pbk. : alk. paper)
040 ## - CATALOGING SOURCE
Transcribing agency DLC
082 00 - DEWEY DECIMAL CLASSIFICATION NUMBER
Classification number 025 TIM 1996 C147 Or.
100 1# - MAIN ENTRY--AUTHOR NAME
Personal name Bowen, Charles.
245 10 - TITLE STATEMENT
Title Modem nation :
Remainder of title the handbook of grassroots American activism online /
250 ## - EDITION STATEMENT
Edition statement 1st ed.
260 ## - PUBLICATION, DISTRIBUTION, ETC. (IMPRINT)
Place of publication New York :
Name of publisher Times Business,
Year of publication c1996.
300 ## - PHYSICAL DESCRIPTION
Number of Pages xii, 356 p. ;
Dimensions 24 cm.
500 ## - GENERAL NOTE
General note Includes index.
650 #0 - SUBJECT ADDED ENTRY--TOPICAL TERM
Topical Term Political participation
650 #0 - SUBJECT ADDED ENTRY--TOPICAL TERM
Topical Term Political planning
650 #0 - SUBJECT ADDED ENTRY--TOPICAL TERM
Topical Term Lobbying
650 #0 - SUBJECT ADDED ENTRY--TOPICAL TERM
Topical Term Internet
856 42 - ELECTRONIC LOCATION AND ACCESS
Uniform Resource Identifier http://www.loc.gov/catdir/bios/random057/96021883.html
856 42 - ELECTRONIC LOCATION AND ACCESS
Uniform Resource Identifier http://www.loc.gov/catdir/description/random0411/96021883.html
942 ## - ADDED ENTRY ELEMENTS (KOHA)
Koha item type ADB
952 ## - LOCATION AND ITEM INFORMATION (KOHA)
Withdrawn status [LOCAL, KOHA] 0
Holdings
Koha item type Shelving location Lost status Permanent Location Current Location Date acquired Full call number
សៀវភៅភាសាអង់គ្លេសC147 Library Block CLibrary Block C2019-12-17025 TIM 1996 C147 Or.
មជ្ឈមណ្ឌលឯការនៃសាកលវិទ្យាល័យភូមិន្ទកសិកម្មចំការដូង

Powered by Koha